Kultura pracovniho prostredi v potravinars

Uložené v:
Podrobná bibliografia
Médium: Kniha
Jazyk:Czech
Vydané: 1968
Tagy: Pridať tag
Žiadne tagy, Buďte prvý kto otaguje tento záznam!

MARC

LEADER 00000nam a2200000 a 4500
001 000123708
005 00000000000000.0
008 040101s1968 e czeo
041 0 |a cze 
245 0 0 |a Kultura pracovniho prostredi v potravinars 
260 |c 1968 
500 |a Záznam neprešiel kontrolou 
910 |a svkkk 
998 |a BK 
090 |g SCKHL  |k Sklad Pribinova 3. posch.  |a V0.6102  |i 123708-10  |s Absenčne